Library evaluation : (Record no. 63490)

MARC details
000 -LEADER
fixed length control field 00646nam a22001697a 4500
005 - DATE AND TIME OF LATEST TRANSACTION
control field 20120227123754.0
020 ## - INTERNATIONAL STANDARD BOOK NUMBER
International Standard Book Number 1563088622
Terms of availability 900.00
035 ## - SYSTEM CONTROL NUMBER
System control number B-168475
037 ## - SOURCE OF ACQUISITION
Stock number DPL
Source of stock number/acquisition ENG
100 ## - MAIN ENTRY--PERSONAL NAME
Personal name Wallace, Danny P.
245 ## - TITLE STATEMENT
Title Library evaluation :
Remainder of title A casebook and can-do guide /
Statement of responsibility, etc by Danny P. Wallace and Connie Van Fleet
260 ## - PUBLICATION, DISTRIBUTION, ETC. (IMPRINT)
Place of publication, distribution, etc Colorado
Name of publisher, distributor, etc Libraries Unlimited, Inc.
Date of publication, distribution, etc 2005
300 ## - PHYSICAL DESCRIPTION
Extent xix, 237p.
Dimensions 22 cms.
700 ## - ADDED ENTRY--PERSONAL NAME
Personal name Fleet, Connie Van
9 (RLIN) 43059
942 ## - ADDED ENTRY ELEMENTS (KOHA)
Source of classification or shelving scheme Dewey Decimal Classification
Item type English Books
Classification part 0025.1
Call number suffix LIB
Holdings
Withdrawn status Lost status Not for loan Collection code Home library Current library Date acquired Cost, normal purchase price Full call number Barcode Cost, replacement price Koha item type
      Non-fiction Sarojini Nagar Sarojini Nagar 27/02/2012 900.00 0025.1 LIB B-168475 900.00 English Books

© Delhi Public Library
Hit Counter
free hit counter